Paloverde / (Registro nro. 9309)
[ vista simple ]
| 000 -LIDER | |
|---|---|
| fixed length control field | 00646nam a22002537a 4500 |
| 001 - NÚMERO DE CONTROL | |
| Identificador de número de control | 0187 |
| 003 - IDENTIFICACDOR DE NÚMERO DE CONTROL | |
| control field | DO-SdBNP |
| 005 - DATE AND TIME OF LATEST TRANSACTION | |
| control field | 20180202142635.0 |
| 007 - CAMPOS FIJOS DE DESCRIPCIÓN FÍSICA | |
| fixed length control field | 0187 |
| 008 - ELEMENTOS DE LONGITUD FIJA | |
| fixed length control field | 151005b 200 1981 sp 00| 0 spa d |
| 020 ## - ISBN | |
| International Standard Book Number | 8401370809 |
| 040 ## - FUENTE DE CATALOGACIÓN | |
| Agencia que crea de manera original el registro | BPMSU |
| Idioma de catalogación | spa |
| Agencia que realiza la transcripción | BPMSU |
| 092 ## - LOCALLY ASSIGNED DEWEY DECIMAL CALL NUMBER | |
| Número de clasificación | XXXX |
| Número de ítem (Cutter) | XXXX |
| 100 1# - ASIENTO PRINCIPAL -- NOMBRE PERSONAL | |
| Nombre personal | Briskin, Jacqueline |
| 240 10 - TITULO UNIFORME | |
| Título uniforme | Paloverde |
| 245 10 - MENCIÓN DE TITULO | |
| Título | Paloverde / |
| Mención de responsabilidad | Jacqueline Briskin ; traducción Adolfo Martin |
| 260 ## - PUBLICACIÓN, DISTRIBUCIÓN, ETC. (PIE DE IMPRENTA) | |
| Lugar de publicación, distribución, etc | Barcelona : |
| Nombre del editor, distribuidor, etc. | Plaza & Janes, |
| Fecha de publicación, distribución, etc | 1981. |
| 300 ## - DESCRIPCIÓN FÍSICA | |
| Extensión | 468 p : |
| Dimensiones | 24 cm. |
| 700 12 - ASIENTO SECUNDARIO -- NOMBRE PERSONAL | |
| Nombre personal | Martin, Adolfo |
| Mención de responsabilidad | trad. |
| 910 ## - VALIDACIÓN | |
| Validación | 144 |
| 942 ## - ADDED ENTRY ELEMENTS (KOHA) | |
| Source of classification or shelving scheme | Dewey Decimal Classification |
| Koha item type | Libros |
| 945 ## - INFORMACIÓN DE PROCESAMIENTO LOCAL | |
| Información de procesamiento local | Inventariado, 2018 / BT |
| 956 ## - LOCAL ELECTRONIC LOCATION AND ACCESS (OCLC) | |
| Nombre de host | Yngrid Lockward |
| Withdrawn status | Lost status | Source of classification or shelving scheme | Damaged status | Not for loan | Collection code | Home library | Current library | Date acquired | Source of acquisition | Total Checkouts | Barcode | Date last seen | Price effective from | Koha item type |
|---|---|---|---|---|---|---|---|---|---|---|---|---|---|---|
| Dewey Decimal Classification | Colección Juvenil General | Biblioteca Pública Metropolitana Salomé Ureña | Biblioteca Pública Metropolitana Salomé Ureña | 03/18/2016 | FUNDI | BPMSU16030189 | 03/18/2016 | 03/18/2016 | Libros |